| 000 | 00736nam a2200229 i 4500 | ||
|---|---|---|---|
| 001 | 183047 | ||
| 003 | ES-MaACL | ||
| 005 | 20240129115326.0 | ||
| 008 | 140114s2011 sp | |||||||| | spa d | ||
| 020 | _a978-84-95919-73-1 | ||
| 080 | _a821.134.2-31"19" | ||
| 100 | 1 |
_aViloria, José Luis. _9147700 |
|
| 245 | 1 | 3 |
_aLa mirada herida / _cJosé Luis Viloria. |
| 250 | _a1ª ed. | ||
| 260 |
_aSan Lorenzo de El Escorial, Madrid : _bCreación, _c2011. |
||
| 300 |
_a234 p. ; _c21 cm. |
||
| 852 |
_aES-MaACL _jA-13009 _9189980 _bR.149818 _cDEPO1 _dOlim: N-6009 _hDonación: José Luis Viloria |
||
| 903 |
_9147700 _aViloria, José Luis _ednr |
||
| 942 |
_2udc _cMONOGRAFIA |
||
| 999 |
_c183047 _d183047 |
||